Rostros y rastros: Códigos genéticos, códigos culturales
Uloženo v:
| Hlavní autor: | |
|---|---|
| Další autoři: | , |
| Médium: | Kniha |
| Jazyk: | španělština angličtina |
| Vydáno: |
Valparaíso, Chile:
Cuerponegro,
2005.
|
| Vydání: | Primera edición |
| Témata: | |
| Tagy: |
Přidat tag
Žádné tagy, Buďte první, kdo vytvoří štítek k tomuto záznamu!
|
MARC
| LEADER | 00000nam a2200000 a 4500 | ||
|---|---|---|---|
| 001 | UCK8881 | ||
| 003 | CL-VaPUC | ||
| 005 | 20250319151505.0 | ||
| 008 | 060407t20050000CL |||||||||||||||||spa|d | ||
| 999 | |c 316283 |d 316281 | ||
| 020 | |a 956-299-855-X | ||
| 040 | |c Pontificia Universidad Católica de Valparaíso | ||
| 041 | 0 | 7 | |a spa |2 CL-VaPUC |
| 041 | 0 | 7 | |a eng |2 CL-VaPUC |
| 082 | 7 | |a 301 SAL 2005 |2 22 | |
| 100 | |a Salas, Gastón |e autor |9 498617 | ||
| 245 | 1 | 0 | |a Rostros y rastros: |b Códigos genéticos, códigos culturales |
| 250 | |a Primera edición | ||
| 260 | |a Valparaíso, Chile: |b Cuerponegro, |c 2005. | ||
| 300 | |a 89 páginas: |b fotografías. | ||
| 500 | |a c.9 Donación. Memorandum Biblioteca Especializada de Historia. 22/07/2024 c.10-c.11. Instituto Arcos.08-01-2025. | ||
| 583 | |a last modification |c 20060407 00:00:00 |k Rodrigo Vera | ||
| 650 | 0 | |a Identidad cultural |9 889125 |v Fotografía de retrato |z Valparaíso, Chile | |
| 650 | 0 | |a Fotografías en blanco y negro |v Fotografía de retrato |z Valparaíso, Chile |9 888505 | |
| 700 | |9 890309 |a Nielsen, Jonathan |e traducción | ||
| 700 | |9 890310 |a Robles, Claudia |e traducción | ||
| 942 | |c BK |2 ddc | ||
| 945 | |d 20060407 00:00:00 |a jtorresc | ||
| 952 | |0 0 |1 0 |2 ddc |4 0 |6 301_000000000000000_SAL_2005 |7 0 |8 A |9 390522 |a BIBCUR |b BIBCUR |d 2019-11-22 |i 4220587 |o 301 SAL 2005 |p 4220587 |r 2025-04-22 |w 2019-11-22 |y BK |k BCB | ||
| 952 | |0 0 |1 0 |4 0 |6 301_000000000000000_SAL_2005 |7 0 |8 A |9 390523 |a BIBART |b BIBART |d 2019-11-22 |i 4220536 |o 301 SAL 2005 |p 4220536 |r 2025-03-13 |w 2019-11-22 |y BK |k ART | ||
| 952 | |0 0 |1 0 |4 0 |6 301_000000000000000_SAL_2005 |7 0 |8 P |9 390524 |a BIBARQ |b BIBARQ |d 2019-11-22 |i 4220544 |o 301 SAL 2005 |p 4220544 |r 2025-01-20 |w 2019-11-22 |y BK |k ARQ | ||
| 952 | |0 0 |1 0 |2 ddc |4 0 |6 301_000000000000000_SAL_2005 |7 0 |8 A |9 390525 |a BIBCUR |b BIBCUR |d 2019-11-22 |i 4220552 |o 301 SAL 2005 |p 4220552 |r 2025-04-22 |w 2019-11-22 |y BK |k PER | ||
| 952 | |0 0 |1 0 |4 0 |6 301_000000000000000_SAL_2005 |7 0 |8 A |9 390526 |a BIBEDU |b BIBEDU |d 2019-11-22 |i 4220560 |o 301 SAL 2005 |p 4220560 |r 2019-11-22 |w 2019-11-22 |y BK |k EDU | ||
| 952 | |0 0 |1 0 |4 0 |6 301_000000000000000_SAL_2005 |7 0 |8 A |9 390527 |a BIBGIM |b BIBGIM |d 2019-11-22 |i 4220579 |o 301 SAL 2005 |p 4220579 |r 2025-01-15 |w 2019-11-22 |y BK |k GIM | ||
| 952 | |0 0 |1 0 |4 0 |6 301_000000000000000_SAL_2005 |7 0 |8 P |9 390528 |a BIBARQ |b BIBARQ |d 2019-11-22 |i 4258126 |o 301 SAL 2005 |p 4258126 |r 2025-01-20 |w 2019-11-22 |y BK |k ARQ | ||
| 952 | |0 0 |1 0 |4 0 |6 301_000000000000000_SAL_2005 |7 0 |8 X |9 390529 |a FDOMLP |b FDOMLP |d 2019-11-22 |i 4599004 |o 301 SAL 2005 |p 4599004 |r 2019-11-22 |w 2019-11-22 |y BK_X |k BUD | ||
| 952 | |0 0 |1 0 |4 0 |6 301_000000000000000_SAL_2005 |7 0 |8 A |9 390530 |a BIBCUR |b BIBCUR |d 2019-11-22 |i 4741544 |o 301 SAL 2005 |p 4741544 |r 2025-04-22 |w 2019-11-22 |y BK |k PER | ||
| 952 | |0 0 |1 0 |2 ddc |4 0 |6 301_000000000000000_SAL_2005 |7 3 |8 A |9 596070 |a BIBHIS |b BIBHIS |d 2024-07-22 |e Donación |i 5662246 |o 301 SAL 2005 |p 5662246 |r 2024-07-24 |t 9 |w 2024-07-24 |y BK |k HIS | ||